000
002940000a22001450004500
003
MACL
040
_a
MACL
090
_c
1587
_d
1587
100
_a
Hande H V
245
_a
Kamba Ramayanam
260
_b
Bharatiya Vidya Bhavan
_c
1996
350
_a
750
650
_a
Philisophy
942
_c
BOOK
_k
170
999
_c
1575
_d
1575